000 00441nam a2200181Ia 4500
001 3022
005 20260306144850.0
008 260306t2016||||xx |||||||||||||| ||spa||
041 _aESP
082 _a242
_bL93
100 _aLovasik, Lawrence G.
_eAUT
245 0 _aEl libro de la oración:
_bcómo y por qué rezar
260 _c2016
300 _a229 páginas :
_c19 cm.
650 _aGEN
654 _aCHU
942 _cLIB
_dJUS
_fJUS
_2ddc
_n
999 _c3022
_d3022